MARC

LEADER 00000cam a2200000 7i4500
001 0000021868
005 20090123.0
008 081022 my a f may
040 |a INS 
090 0 0 |a M204 
110 1 |a Kursus komunikasi berkesan   |k 2008 28 - 30 Januari   |c INSPEN, Bangi 
245 1 0 |a Kursus komunikasi berkesan :   |b 28 - 30 Januari 2008   |c Anjuran Pusat Pengurusan dan Teknologi Maklumat INSPEN 
260 |a Bangi :   |b Institut Penilaian Negara ,   |c 2008 
300 |a 1 v.( Mukasurat pelbagai ) :   |b ill. ;   |c 30 cm. 
650 0 0 |a Communication 
650 0 0 |a Communication in management 
710 1 |a INSPEN ( Institut Penilaian Negara ) 
856 |u http://app.inspen.gov.my:7779/pls/portal/docs/PAGE/CORPORATEPAGES/PORTAL_INSPEN/NOTA_KURSUS/MANAGEMENT/KURSUS%20KOMUNIKASI%20BERKESAN%202008.PDF 
999 |a M000000401   |b BOOK   |c Course Notes   |e Default branch 
999 |a M000000402   |b BOOK   |c Course Notes   |e Default branch 
999 |a M000000423   |b BOOK   |c Course Notes   |e Default branch